| 000 | 00647 a2200217 4500 | ||
|---|---|---|---|
| 001 | 63955 | ||
| 005 | 20260521160827.0 | ||
| 008 | 260521a1972 arg spa d | ||
| 003 | AR-UNSa-BCEJYS | ||
| 040 |
_aAR-UNSa-BCEJYS _bspa _cAR-UNSa-BCEJYS |
||
| 080 |
_a658.15 _xAdministración financiera privada. Gestión financiera de empresas |
||
| 245 | 1 | 0 | _aEconomía de gestión |
| 264 | 1 |
_aBogotá : _bPrentice/Hall Internacional _c1972 |
|
| 300 |
_a118 p. _c23 cm. |
||
| 041 | _aspa | ||
| 942 | _cBK | ||
| 590 | _aniveau_biblio:m niveau_hierar:0 | ||
| 100 | 1 | _aFarrar, Donald E. | |
| 700 | 1 | _aMeyer, John R. | |
| 700 | 1 | _aReig Garcia, Víctor | |
| 999 |
_c36433 _d36433 |
||